All Pvz Games - Statistics

General Stats
  • This quiz has been taken 33 times
  • The average score is 7 of 11
Answer Stats
Hint Answer % Correct
2009 Plants vs. Zombies
100%
2013 Plants vs. Zombies 2
100%
2025 Plants vs. Zombies 3: Evolved
97%
2014 Plants vs. Zombies: Garden Warfare
90%
2016 Plants vs. Zombies: Garden Warfare 2
83%
2019 Plants vs. Zombies: Battle for Neighborville
69%
2016 Plants vs. Zombies Heroes
69%
2013 Plants vs. Zombies Adventure
34%
2021 Plants vs. Zombies Match
21%
2015 Use Your Brainz EDU
14%
2012 Plants vs. Zombies Pinball
10%
No matching quizzes found
Score Distribution
Percent of People with Each Score
Percentile by Number Answered
Your Score History
You have not taken this quiz